000 00654nam a22001937a 4500
005 20140610131147.0
010 _aB-504803
020 _a9788175241454
_c150.00
035 _aB-504803
037 _adpl
_bK.K.Pub/Ven
082 _a796.44
100 _aJain, Rachna
245 _aPlay & Learn Gymnastics/
_bedited & complied by Rachna Jain
260 _aNew Delhi
_bKhel Sahitya Kendra
_c2012
270 _a7/26, Ansari Road, Darya Ganj
_bNew Delhi
_e110002
300 _a108p.:
_bill
_c20cm(Hb)
942 _2ddc
_cEN
_h796.44
_mJAI
999 _c84987
_d84987